000 00501nam a2200193Ia 4500
008 220531s9999 xx 000 0 und d
041 _aeng
082 _a-
_bAGH
100 _aAghav, S. D. And Others
_969251
245 _aOscillations, Waves And Sound (sem.-ii, Paper-i)
250 _a1ST
260 _aPune
_bNirali
_c2014
300 _a6.2
542 _d19-11-2014
551 _aScience
_bNon-grant-SCI
650 _aPhysics
_969252
906 _d2014-2015
_f2846
999 _c38857
_d38857